Grammar Definitions - Statistics

General Stats
  • This quiz has been taken 387 times
  • The average score is 4 of 9
Answer Stats
Hint Answer % Correct
Something that describes a verb. Adverb
93%
Something that describes a noun. Adjective
91%
An action. Verb
91%
Anything that is tangible. Noun
56%
These have "to ___" The blank represents any verb. Infinitive
36%
The main idea or underlying idea of a literary work. Theme
36%
Something that is a separated by two commas and describes someone or something. Clause
21%
The reasoning involved in drawing a conclusion that is based on the text. Inference
10%
A statement that is debatable. Claim
4%
No matching quizzes found
Score Distribution
Percent of People with Each Score
Percentile by Number Answered
Your Score History
You have not taken this quiz